000
00299nam a22001337a 4500
008
181016b xxu||||| |||| 00| 0 eng d
020
_a
9780137133147
041
_a
eng
080
_2
2nd
_a
820
100
_a
21
101
_a
GJL
245
_a
Prentice Hall Literature
_c
Babusci,R
942
_2
udc
_c
BK
999
_c
49878
_d
49878